ბათუმის შოთა რუსთაველის სახელმწიფო უნივერსიტეტის ბიბლიოთეკა

Реферативный журнал, №3.2016.Литературоведение (ბიბ.ჩანაწერი № 52075)

000 -LEADER
fixed length control field 00654nam a2200205Ia 4500
001 - CONTROL NUMBER
control field 19081
003 - CONTROL NUMBER IDENTIFIER
control field GE_BSU
008 - FIXED-LENGTH DATA ELEMENTS--GENERAL INFORMATION
fixed length control field 181216s||||||||xx |||||||||||||| ||und||
040 ## - CATALOGING SOURCE
Transcribing agency GE_BSU
245 ## - TITLE STATEMENT
Title Реферативный журнал, №3.2016.Литературоведение
245 ## - TITLE STATEMENT
Remainder of title Раздел. Социальные и гуманитарные науки
245 ## - TITLE STATEMENT
Statement of responsibility, etc. гл.ред.Цурганова Е.А.и др.
260 ## - PUBLICATION, DISTRIBUTION, ETC.
Place of publication, distribution, etc. Mосква.
260 ## - PUBLICATION, DISTRIBUTION, ETC.
Name of publisher, distributor, etc. Ран Инион
260 ## - PUBLICATION, DISTRIBUTION, ETC.
Date of publication, distribution, etc. 2016
300 ## - PHYSICAL DESCRIPTION
Extent 208стр,20см
653 ## - INDEX TERM--UNCONTROLLED
Uncontrolled term Реферативный журнал
653 ## - INDEX TERM--UNCONTROLLED
Uncontrolled term პერიოდიკა
942 ## - ADDED ENTRY ELEMENTS (KOHA)
Koha item type პერიოდიკა
ეგზემპლარები
Withdrawn status Lost status Damaged status Not for loan Date acquired Barcode Date last seen Price effective from Koha item type
        2018-12-17 p77987 2018-12-17 2018-12-17 პერიოდიკა